000 00283nam a22001337a 4500
008 170210b xxu||||| |||| 00| 0 eng d
020 _a9780781730129
041 _aeng
080 _24ED
_a61
100 _a4
101 _aSHM
245 _aSTEDMANS CONCISE
_cDIRCKX
942 _2udc
_cBK
999 _c5168
_d5168